[Event "Bangkok Cha Am op 19th"]
[Site "Bangkok"]
[Date "2019.04.08"]
[Round "3"]
[White "Dhar Barua, Saheli"]
[Black "Franklin, Leonardo"]
[Result "1-0"]
[WhiteElo "2038"]
[BlackElo "1596"]
[PlyCount "65"]
[EventDate "2019.04.06"]
[EventType "swiss"]
[EventRounds "9"]
[EventCountry "THA"]
[SourceTitle "CBM 189 Extra"]
[Source "ChessBase"]
[SourceDate "2019.06.03"]
[SourceVersion "1"]
[SourceVersionDate "2019.06.03"]
[SourceQuality "1"]

1. e4 c5 2. Nf3 d6 3. d4 cxd4 4. Nxd4 Nf6 5. Nc3 Nc6 6. Be2 e5 7. Nb3 h6 8. 0-0 Be7 9. Kh1 Be6 10. f4 exf4 11. Bxf4 0-0 12. Nd4 Nxd4 13. Qxd4 Ng4 14. h3 Ne5 15. Bxe5 dxe5 16. Qxe5 Bf6 17. Qg3 Qb8 18. Qf3 Qc7 19. Nd5 Bxd5 20. exd5 Qxc2 21. Bd3 Qxb2 22. Qf5 Rfe8 23. Qh7+ Kf8 24. Qh8+ Ke7 25. Rae1+ Be5 26. Qxg7 Kd6 27. Qxf7 Re7 28. Qg6+ Kxd5 29. Be4+ Kc4 30. Rc1+ Bc3 31. Bd3+ Kd5 32. Rb1 Qxa2 33. Rb5+ 1-0